000 02365cam a2200217 i 4500
999 _c38373
_d38373
020 _a019286341X
020 _a9780192863416
041 _aeng-
082 0 4 _a320.954
_bHAS-I
100 1 _aHasan, Zoya
_eauthor.
245 1 0 _aIdeology and organization in Indian politics :
_bpolarization and the growing crisis of the Congress Party (2009-19) /
_cZoya Hasan.
250 _aFirst edition.
260 _aUK :
_bOxford University Press,
_c2022.
300 _ax, 205p.
504 _aIncludes bibliographical references (pages 191-197) and index.
520 _aIdeology and Organization in Indian Politics examines the immense changes that have occurred in Indian politics over the past decade and its impact on the Indian National Congress. The impact is most apparent in the changing fortunes of the Congress party, which suffered two major defeats in 2014 and 2019 elections, bringing the party's crisis to the front and centre of public debate. This book seeks to understand the reasons for these enormous changes by looking first at the underlying conditions that led to the decline of the Congress and, second, the challenges' both external and internal' confronting the Congress and, while doing so, estimating its impact on Indian politics and on the Congress. More specifically, it looks at how important ideological debates provoked by the rise of majoritarianism, the Gujarat model, hypernationalism, the secular retreat, and the curbs and restrictions on the opposition influenced Congress. Exploring ideological shifts and organizational limits that shaped the decline of the Congress makes a compelling case for the significance of the Congress story in understanding the larger political transformation underway in India. The argument centers on the Congress party, but comparatively speaking, it has relevance for the experience of centrist and centre-left parties in other countries, which too suffered a decline in the context of the upsurge of populist nationalism and right-wing politics in the past few years. Analysis of political change in India in the past decade affords insights into the processes of transformation and polarization that grounded the Congress party and centrist parties in other countries as well.
546 _aEnglish.
650 7 _aPolitics and government.
650 7 _aIndia
_xSocial conditions.
942 _2ddc
_cBK